Länder mit der größten Waldfläche - Statistiken

Allgemein
  • Dieses Quiz wurde 38 mal gespielt
  • Das Durchschnittsergebnis liegt bei 12 aus 20
Antwortstatistiken
Fläche (in km²) Land % Korrekt
3.500.000 Kanada
94%
8.200.000 Russland
94%
5.000.000 Brasilien
91%
3.100.000 USA
88%
2.240.000 China
85%
1.330.000 Australien
79%
720.000 Indien
79%
1.260.000 Dem. Rep. Kongo
74%
660.000 Mexiko
65%
890.000 Indonesien
62%
550.000 Kolumbien
62%
720.000 Peru
62%
460.000 Venezuela
53%
520.000 Bolivien
50%
670.000 Angola
47%
460.000 Tansania
38%
370.000 Mosambik
24%
290.000 Myanmar
15%
360.000 Papua-Neuguinea
15%
450.000 Sambia
15%
Keine übereinstimmenden Quizze gefunden
Verteilung der Resultate
Anzahl Personen mit jedem Resultat
Perzentil nach korrekt beantworteten Fragen
Ihre Resultats-Entwicklung
Sie haben dieses Quiz noch nicht gespielt